000 00699nam a2200289Ia 4500
005 20260324143039.0
008 008 260324s9999 xx 000 0 eng d
020 _a9781315866536
037 _aEBOOK
040 _aCRL
040 _beng
040 _cCRL
041 _2eng
041 _aeng
084 _qCRL
100 _aBernd Magnus; Stanley Stewart; Jean-Pierre Mileur
_91214191
245 0 _aNietzsche's Case
245 0 _bPhilosophy as/and Literature
260 _bTaylor and Francis
260 _c1993
365 _a
365 _b300
856 _uhttp://www.taylorfrancis.com/books/9781315866536
942 _cEBOOK
999 _c1819129
_d1819129